[Event "Loire-ch Top20 0506"]
[Site "Loire"]
[Date "2005.10.08"]
[Round "1"]
[White "Massard, Christian"]
[Black "Roche, Marius"]
[Result "1/2-1/2"]
[WhiteElo "1960"]
[BlackElo "1692"]
[PlyCount "97"]
[EventDate "2005.10.08"]
[EventType "swiss"]
[EventRounds "6"]
[EventCountry "FRA"]
[SourceTitle "EXT 2008"]
[Source "ChessBase"]
[SourceDate "2007.11.25"]
[SourceVersion "1"]
[SourceVersionDate "2007.11.25"]
[SourceQuality "1"]

1. Nf3 g6 2. c4 Bg7 3. Nc3 d6 4. d4 Bg4 5. e3 Nc6 6. Be2 e5 7. d5 Nce7 8. e4 Bxf3 9. Bxf3 f5 10. Bg5 Nf6 11. exf5 Nxf5 12. Ne4 0-0 13. 0-0 Qd7 14. Rc1 h6 15. Bxf6 Bxf6 16. Bg4 Qg7 17. b4 a5 18. a3 Nd4 19. c5 Be7 20. cxd6 Bxd6 21. Nxd6 cxd6 22. Be6+ Kh8 23. Qd3 axb4 24. axb4 Ra2 25. Rcd1 Rb2 26. Rb1 Rxb1 27. Rxb1 Qf6 28. f3 Nxe6 29. dxe6 Qxe6 30. Rd1 Rd8 31. Qb5 Qe7 32. Kf2 Kg7 33. g3 Rf8 34. Qe2 Qf6 35. Qe4 Qf7 36. Rxd6 Qa2+ 37. Qe2 Qxe2+ 38. Kxe2 Rf7 39. Re6 Rc7 40. Rxe5 Kf6 41. Rd5 Rc2+ 42. Rd2 Rc4 43. Rb2 b5 44. Kd3 h5 45. f4 Kf5 46. Ke3 h4 47. Kf3 Rc3+ 48. Kg2 hxg3 49. hxg3 1/2-1/2

[Event "Loire-ch op 0405"]
[Site "Loire"]
[Date "2005.05.21"]
[Round "8"]
[White "Moleins, Jean Pierre"]
[Black "Roche, Marius"]
[Result "0-1"]
[WhiteElo "1499"]
[BlackElo "1770"]
[PlyCount "38"]
[EventDate "2004.10.16"]
[EventType "swiss"]
[EventRounds "9"]
[EventCountry "FRA"]
[SourceTitle "EXT 2008"]
[Source "ChessBase"]
[SourceDate "2007.11.25"]
[SourceVersion "1"]
[SourceVersionDate "2007.11.25"]
[SourceQuality "1"]

1. e4 g6 2. d4 Bg7 3. c3 d6 4. Nf3 Nf6 5. Bd3 0-0 6. 0-0 Nc6 7. b4 a6 8. Ng5 h6 9. Nf3 e5 10. Qb3 Bg4 11. Nh4 exd4 12. Nxg6 Be6 13. Bc4 Re8 14. Bxe6 Rxe6 15. Re1 Rxe4 16. Rxe4 Nxe4 17. Bb2 Qf6 18. a4 Qxf2+ 19. Kh1 Qf1# 0-1

[Event "Lyon op"]
[Site "Lyon"]
[Date "2005.04.18"]
[Round "4"]
[White "Capone, Antonio"]
[Black "Roche, Marius"]
[Result "1-0"]
[WhiteElo "1962"]
[BlackElo "1770"]
[PlyCount "35"]
[EventDate "2005.04.16"]
[EventType "swiss"]
[EventRounds "9"]
[EventCountry "FRA"]
[SourceTitle "CBM 105 Extra"]
[Source "ChessBase"]
[SourceDate "2005.05.01"]
[SourceVersion "1"]
[SourceVersionDate "2005.05.01"]
[SourceQuality "1"]

1. d4 g6 2. e4 d6 3. c4 Bg7 4. Nc3 Nc6 5. Be3 e5 6. d5 Nce7 7. Qd2 f5 8. f3 a6 9. 0-0-0 Bd7 10. Kb1 Rb8 11. Bd3 b5 12. c5 c6 13. cxd6 Nc8 14. dxc6 Bxc6 15. exf5 Qxd6 16. fxg6 hxg6 17. Qc2 Kf7 18. Bc4+ 1-0